Relevantnosť informácií o vlastnom imaní prezentovaných v individuálnej účtovnej závierke zostavenej podľa IFRS

Základnou vlastnosťou užitočnosti informácií je ich relevantnosť. Prezentácia informácií o jednej zložke účtovnej závierky – o vlastnom imaní v individuálnej účtovnej závierke zostavenej podľa IFRS v znení prijatom Európskou úniou. Teoretické poznatky o súčastiach individuálnej účtovnej závierky zos...

Descrizione completa

Salvato in:
Dettagli Bibliografici
Autore principale: Šlosárová, Anna
Natura: Capitolo di libro
Lingua:slovacco
Soggetti:
Tags: Aggiungi Tag
Nessun Tag, puoi essere il primo ad aggiungerne!!

MARC

LEADER 00000naa a2200000 4500
001 0249355
005 20240502074003.6
041 0 |a slo 
044 |a SK 
245 1 0 |a Relevantnosť informácií o vlastnom imaní prezentovaných v individuálnej účtovnej závierke zostavenej podľa IFRS  |c Anna Šlosárová 
520 |a Základnou vlastnosťou užitočnosti informácií je ich relevantnosť. Prezentácia informácií o jednej zložke účtovnej závierky – o vlastnom imaní v individuálnej účtovnej závierke zostavenej podľa IFRS v znení prijatom Európskou úniou. Teoretické poznatky o súčastiach individuálnej účtovnej závierky zostavenej podľa IFRS so zameraním na prezentáciu informácií o vlastnom imaní. Ilustračné príklady. 
610 2 0 |a štandardy účtovné medzinárodné 
610 2 0 |a informácie účtovné 
610 2 0 |a závierka účtovná konsolidovaná 
610 2 0 |a imanie vlastné 
100 1 |a Šlosárová, Anna